Robinson Crusoé (Registo nº 1440)

Detalhes MARC
000 -Etiqueta do registo
Cabeçalho 00958nam0a2200289 4500
005 - Identificador da versão
Campo de controlo 20240813121836.0
010 ## - Número internacional normalizado dos livros (ISBN)
Número (ISBN) 9789720726964
021 ## - Número do Depósito Legal
Código do país PT
Número 372615 /14
100 ## - Dados gerais de processamento
Dados gerais de processamento 20150223d2014 a y0pory5003 ba
102 ## - Pais de publicação ou produção
País de publicação Portugal
101 1# - Língua de publicação
Língua do texto, banda sonora, etc. Português
Língua do documento no original Inglês
215 ## - Descrição física 
Indicação específica da natureza do documento e extensão da espécie 106, [5] p.
Outras indicações físicas il. color
200 1# - Titulo e menção de responsabilidade
Título próprio Robinson Crusoé
Primeira menção de responsabilidade Daniel Defoe
Outras menções de responsabilidade adaptação John Lang
-- adaptação para a língua portuguesa Alexandra Guimarães
-- il. Rui Junqueira
225 2# - Colecção 
Título próprio da colecção Educação literária
210 ## - Publicação, Distribuição, etc. 
Lugar da edição, distribuição, etc. Porto
Nome do editor, distribuidor, etc. Porto ed.
Data da publicação, distribuição, etc. 2014
300 ## - Notas gerais 
Texto da nota Metas Curriculares
606 ## - Nome comum usado como assunto
Número de registo de entrada de autoridade 0002043
Palavra de ordem Literatura inglesa
Subdivisão de assunto Romances de aventuras
Código do sistema CA
675 ## - Classificação Decimal Universal (CDU)
Notação 821.111-311.3
Edição 3ª ed.
Língua da edição por
702 #1 - Nome de autor-pessoa física (responsabilidade secundária)
Número de registo de entrada de autoridade 0002044
Palavra de ordem Lang
Outra parte do nome não tomada para palavra de ordem John
Código de função Adaptador
Número de registo de entrada de autoridade 0002083
Palavra de ordem Guimarães
Outra parte do nome não tomada para palavra de ordem Alexandra
Código de função Adaptador
Número de registo de entrada de autoridade 0002084
Palavra de ordem Junqueira
Outra parte do nome não tomada para palavra de ordem Rui
Código de função Ilustrador / Técnico de desenho computorizado
700 #1 - Nome de autor-pessoa física (responsabilidade principal)
Número de registo de entrada de autoridade 0001162
Palavra de ordem Defoe
Outra parte do nome não tomada para palavra de ordem Daniel
Datas 1660-1731
966 ## - Identificação da Biblioteca
Sigla EB2,3ENM
942 ## - Elementos de entrada adicionados (Koha)
Tipo de item no Koha Livro
Exemplares
Situação do levantamento Origin of item (home branch) (coded) Biblioteca de empréstimo Código de barras Cota Circulation type (not for loan) Tipo de documento Nota do exemplar Damaged status
  Biblioteca Escolar Eng. Nuno Mergulhão Biblioteca Escolar Eng. Nuno Mergulhão BENM3550 82LE-3 DEF MET   Livro Sem mensagem  
  Biblioteca Escolar Eng. Nuno Mergulhão Biblioteca Escolar Eng. Nuno Mergulhão BENM3658 82LE-3 DEF MET   Livro Sem mensagem